Histoire du droit romain / (Record no. 155662)

MARC details
000 -LEADER
campo de control de longitud fija 00861nam a22002175i 4500
001 - NÚMERO DE CONTROL
campo de control 155662
003 - IDENTIFICADOR DE NÚMERO DE CONTROL
campo de control ES-MaACL
005 - FECHA Y HORA DE LA ÚLTIMA TRANSACCIÓN
campo de control 20230906210148.0
008 - DATOS DE LONGITUD FIJA--INFORMACIÓN GENERAL
campo de control de longitud fija 941221s1825 fr |||| | fre d
040 ## - FUENTE DE CATALOGACIÓN
Centro catalogador/agencia de origen CLM
Lengua de catalogación spa
100 1# - ENTRADA PRINCIPAL--NOMBRE DE PERSONA
Nombre de persona Hugo, Gustave.
9 (RLIN) 128082
245 10 - MENCIÓN DEL TÍTULO
Título Histoire du droit romain /
Mención de responsabilidad, etc. par Gustave Hugo... ; traduite de l'allemand sur la septième édition par Jourdan D.M.P. ; revue par F. Poncelet...
260 ## - PUBLICACIÓN, DISTRIBUCIÓN, ETC.
Lugar de publicación, distribución, etc. Paris :
Nombre del editor, distribuidor, etc. Librairie de Jurisprudence et d'Administration d'Antoine Bavoux...,
Fecha de publicación, distribución, etc. 1825 (
Fabricante De l'Imprimerie de Rignoux...)
300 ## - DESCRIPCIÓN FÍSICA
Extensión 2 v. (520 ; 392 p.) ;
Dimensiones 20 cm.
500 #1 - NOTA GENERAL
Nota general Indice de materias.
650 04 - PUNTO DE ACCESO ADICIONAL DE MATERIA--TÉRMINO DE MATERIA
Término de materia o nombre geográfico como elemento de entrada Derecho romano-
Subdivisión de forma Historia.
9 (RLIN) 11766
700 0# - ENTRADA AGREGADA--NOMBRE PERSONAL
Nombre de persona Poncelet, François Frédéric.
9 (RLIN) 92958
700 1# - ENTRADA AGREGADA--NOMBRE PERSONAL
Nombre de persona Jourdan, Antoine Jaques Louis.
9 (RLIN) 128369
852 ## - LOCALIZACIÓN
Ubicación ES-MaACL
Número de control de estantería B-6412-13
Nota libre -- Enc. hol.
Holdings
Estatus retirado Estado de pérdida Estado de daño No para préstamo Colección Biblioteca de origen Biblioteca actual Ubicación en estantería Fecha de adquisición Total de préstamos Signatura topográfica completa Código de barras Visto por última vez Precio de reemplazo Tipo de ítem Koha
        Libros del s. XIX Biblioteca del Ateneo de Madrid Biblioteca del Ateneo de Madrid Sala Pardo Bazán 17/01/2008   B-6412-13 1162827 23/02/2023 23/02/2023 Libro impreso antiguo